• 首页
  • 本馆介绍
  • 公告通知
  • 最新文献
  • 馆藏检索
  • 电子资源
  • 读者导购
  • 参考咨询
  • 我的图书馆
  • 登录
  • 详细信息显示
  • 放入我的书架
  • 预约/预借图书
  • 作者相关作品
  • 分类相关作品
  • 丛书相关作品
  • 出版社相关作品

书目信息

  • 表格格式
  • 工作单格式
  • 卡片格式
题名:
序列空间及其应用
    
 
作者: 吴从炘 著
分册:  
出版信息: 哈尔滨   哈尔滨工业大学出版社  2001
页数: 261页
开本: 21cm
丛书名:
单 册:
中图分类: O177.3
科图分类:
主题词: 序列空间 , 序列空间--研究
电子资源:
ISBN: 7-5603-1624-7
000 00891nam0 2200253 45
001 060000018360
005 20050920140945.70
010    @a7-5603-1624-7@dCNY18.00
100    @a20050112e20042001ekmy0chiy0120 ea
101 0  @achi
102    @aCN@b230000
105    @aa az 000yy
200 1  @a序列空间及其应用@9xu lie kong jian ji qi ying yong@f吴从炘等著@Fwu cong xin deng zhu
210    @a哈尔滨@c哈尔滨工业大学出版社@d2001@h2004重印
215    @a261页@c图@d21cm
300    @a哈尔滨工业大学研究成果专著出版基金资助出版
320    @a有书目(第252-261页)
330    @a本书从局部凸空间角度系统论述了Kothe的序列空间理论与相应的无穷矩阵算子代数和它的推广—矢值序列空间,以及序列空间对抽象函数和算子表示的某些应用。
606 0  @a序列空间
606 0  @a序列空间@x研究
690    @aO177.3@v4
701  0 @a吴从炘@Awu cong xin@4著
801  0 @aCN@bTSSF@c20050920
905    @a10447@dO177.3@e50
    
    序列空间及其应用/吴从炘等著.-哈尔滨:哈尔滨工业大学出版社,2001(2004重印)
    261页:图;21cm
    哈尔滨工业大学研究成果专著出版基金资助出版
    
    ISBN 7-5603-1624-7:CNY18.00
    本书从局部凸空间角度系统论述了Kothe的序列空间理论与相应的无穷矩阵算子代数和它的推广—矢值序列空间,以及序列空间对抽象函数和算子表示的某些应用。
●
相关链接 在E读中查询图书 在五车中查询图书 在当当中查询图书 在豆瓣中查询图书


正题名:序列空间及其应用     索取号:O177.3/50         预约/预借

序号 登录号 条形码 馆藏地/架位号 状态 备注
1 0362219   3622191   第二样本阅览室/ [索取号:O177.3/50] 在馆    
2 0362220   3622208   第三借阅区/ [索取号:O177.3/50] 在馆    
3 0362221   3622217   第三借阅区/ [索取号:O177.3/50] 在馆    
4 0362222   3622226   第三借阅区/ [索取号:O177.3/50] 在馆    
5 0362223   3622235   第三借阅区/ [索取号:O177.3/50] 在馆    
6 0362224   3622244   第三借阅区/ [索取号:O177.3/50] 在馆    
7 0362225   3622253   第三借阅区/ [索取号:O177.3/50] 在馆    
8 0362226   3622262   第三借阅区/ [索取号:O177.3/50] 在馆    
唐山师范学院图书馆 欢迎您!
大连网信软件有限公司© 版权所有